Państwa najbliżej Włoch - Statystyki

Ogólne statystyki
  • Ten quiz został rozwiązany 282 razy
    241 od ostatniego zresetowania
  • Średni wynik to 17 z 20
Statystyki odpowiedzi
Km Państwa % Poprawnych
0 Francja
98%
0 Austria
97%
0 Watykan
96%
0 Szwajcaria
95%
0 San Marino
93%
0 Słowenia
93%
13 Chorwacja
92%
51 Niemcy
91%
78 Grecja
88%
73 Albania
87%
63 Liechtenstein
85%
154 Bośnia i Hercegowina
84%
81 Malta
84%
188 Węgry
84%
8 Monako
83%
219 Czechy
82%
174 Czarnogóra
80%
210 Macedonia Północna
67%
224 Algieria
65%
71 Tunezja
63%
Nie znaleziono quizów pasujących do podanych kryteriów
Rozkład punktacji
Procent ludzi z każdym wynikiem
Percentyl według liczby udzielonych odpowiedzi
Twoja historia wyników
Nie rozwiązałeś tego quizu od ostatniego zresetowania